| 000 | 00746cam a2200253 i 4500 | ||
|---|---|---|---|
| 008 | 180710s2019 ctua b 001 0 eng d | ||
| 020 | _a9780300233674 | ||
| 020 | _a0300233671 | ||
| 050 | 0 | 0 |
_aTP577 _b.D478 2019 |
| 082 | 0 | 4 | _a641.23 |
| 100 | 1 | _aDeSalle, Rob, | |
| 245 | 1 | 2 |
_aA natural history of beer / _cRob DeSalle & Ian Tattersall ; illustrated by Patricia J. Wynne. |
| 260 |
_aLondon _bYale university press book _c2019 |
||
| 300 |
_axi, 242 pages : _billustrations ; |
||
| 650 | 0 |
_aBeer _xHistory. |
|
| 650 | 0 |
_aBeer _xSocial aspects _xHistory. |
|
| 650 | 0 |
_aBrewing _xHistory. |
|
| 650 | 0 |
_aFermentation _xHistory. |
|
| 650 | 4 | _aBeer. | |
| 650 | 7 | _aBeer. | |
| 700 | 1 | _aTattersall, Ian, | |
| 700 | 1 | _aWynne, Patricia, | |
| 942 | _cBK | ||
| 999 |
_c2612 _d2612 |
||